Sri Aurobindo for all ages : (Record no. 171357)

MARC details
000 -LEADER
fixed length control field 00535nam a2200181 4500
005 - DATE AND TIME OF LATEST TRANSACTION
control field 20200110141720.0
010 ## - LCCN (DPL NO)
LC control number ENG-127311
020 ## - INTERNATIONAL STANDARD BOOK NUMBER
International Standard Book Number 9789352101382
Terms of availability 110.00
035 ## - SYSTEM CONTROL NUMBER
System control number EN-110843
037 ## - SOURCE OF ACQUISITION
Source of stock number/acquisition DBAD/PUB
082 ## - DEWEY DECIMAL CLASSIFICATION NUMBER
Classification number 181.499
100 ## - MAIN ENTRY--PERSONAL NAME
Personal name NIRODBARAN
245 ## - TITLE STATEMENT
Title Sri Aurobindo for all ages :
Statement of responsibility, etc a biography
Remainder of title by Nirodbaran /
260 ## - PUBLICATION, DISTRIBUTION, ETC. (IMPRINT)
Place of publication, distribution, etc Pondicherry
Name of publisher, distributor, etc Ari Aurobindo Ashram
Date of publication, distribution, etc 2017
270 ## - ADDRESS
Address Ari Aurobindo Ashram
City Pondicherry
Postal code 605002
300 ## - PHYSICAL DESCRIPTION
Extent 245p.
Dimensions 22cm(pbk)
942 ## - ADDED ENTRY ELEMENTS (KOHA)
Source of classification or shelving scheme Dewey Decimal Classification
Item type English Books
Classification part 181.499
Call number suffix NIR
Holdings
Withdrawn status Lost status Not for loan Collection code Home library Current library Date acquired Source of acquisition Cost, normal purchase price Full call number Barcode Copy number Cost, replacement price Koha item type
      Non-fiction Andrews Gunj Andrews Gunj 10/01/2020 DBAD/PUB 110.00 181.499 NIR EN-110843 1 110.00 English Books

© Delhi Public Library
Hit Counter
free hit counter